| 000 | 00606nam a2200205 u 4500 | ||
|---|---|---|---|
| 005 | 20240802063717.0 | ||
| 008 | 151109s2010 r 000 0 eng d | ||
| 020 | _a9786077661153 | ||
| 035 | _aUPN01000206608 | ||
| 049 | _aI | ||
| 050 | 4 |
_aPZ76.3 _bH5.8 |
|
| 100 | 1 |
_aHiriart, Berta, _d1950- _932013 |
|
| 245 | 1 | 0 |
_aPrimavera / _cBerta Hiriart ; il. de Alejandra España Natera. |
| 260 |
_aMéxico : _bEl Naranjo, _c2010. |
||
| 300 |
_a[32] p. : _bil. |
||
| 440 | 0 | _aMar de cuentos | |
| 650 | 0 |
_aAnimales _vCuentos y leyendas _9234 |
|
| 650 | 4 |
_aLiteratura infantil mexicana _910209 |
|
| 905 | _aInfantil | ||
| 999 |
_c178709 _d178709 |
||